000 00311nam a22001337a 4500
008 210301b ||||| |||| 00| 0 eng d
020 _a9780787955052
041 _aeng
080 _a61
100 _a3
101 _aSHM
245 _aHealth Care Strategy For Uncertain Times
_cJennings ,C.M
942 _2udc
_cBK
999 _c55408
_d55408